000 01151cam a22001934a 4500
005 20250605164359.0
008 250528s ||||||||||||||||||||||||d
035 _a24511
040 _aGR-AtMCL
_bgre
_dGR-AtMCL
_eAACR2
245 1 _aΤο 'Παιχνίδι' Κρίνεται στην Εμπιστοσύνη του Πελάτη
260 _c2014
300 _a34
520 _aΣτο Lurzen's Archive και για την Καμπάνια του Εύρηκα, Πώς θα Επανεφεύρουμε το Stakeholder Engagement, Συναισθηματική Νοημοσύνη και Μετρήσιμα Αποτελέσματα, Συναισθηματική Νοημοσύνη και Μετρήσιμα Αποτελέσματατα, Στροφή στο Sampling και το 'Οικονομικό Digital', Ανέλαβε Αντιπρόσωπος της DigitalMR στην Ελλάδα, Action 24: Το Μήνυμα δεν είναι Μέσο Εκπέμπεται από τον Άνθρωπο.
700 1 _aΚορδελάς Δημήτρης
_99464
942 _cCR
710 2 _aThe Marketing Week
_99825
999 _c9388
_d9388